000 00478nam a2200181Ia 4500
001 3639
005 20260306145658.0
008 260306t2012||||xx |||||||||||||| ||spa||
041 _aESP
082 _a301
_bD282
100 _aDuche, Aleixandre (ed.)
_eAUT
245 0 _aLos otros rostros del mundo:
_bantropología visual, cine y documental etnográfico
260 _c2012
300 _a315 páginas :
_c21cm.
650 _aGEN
654 _aCHU
942 _cLIB
_dJUS
_fJUS
_2ddc
_n
999 _c3639
_d3639